000 02344cam a22004934i 4500
003 PE-LiUPU
005 20250731172809.0
008 150617s1974 sp r 000 0 spa d
020 _a8425409489
035 _a(Sirsi) i9788425409486
040 _aPE-LiUPU
_bspa
_cPE-LiUPU
_erda
049 _aPRUA
082 0 4 _a232.5
_bM26
_221
100 1 _aMarxsen, Willi,
_eautor.
245 1 3 _aLa resurrección de Jesús de Nazaret /
_cWilli Marxsen.
264 1 _aBarcelona :
_bEditorial Herder,
_c1974.
300 _a236 páginas ;
_c22 centímetros
336 _atext
_2rdacontent
337 _aunmediated
_2rdamedia
338 _avolume
_2rdacarrier
505 0 _aSobre la metología de la interrogación de los textos -- El símbolo de los apóstoles -- Los Evangelios -- El Evangelio de Lucas -- El Evangelio de Juan -- Resultados y cuestiones ulteriores -- Las tradicionces preevangélicas -- El "ver" de Pablo -- La resurrección de Jesús, un milagro -- Antecedentes de la idea de la resurrección en la historia de las religiones -- La resurrección de Jesús, una interpretación entre otras -- La fe como riesgo que se afronta -- La evolución en la comunidad primitiva -- La esperanza de un futuro en los cristianos.
526 _aSEG42
526 _aSEG41
526 _aSEG40
526 _aSEG39
526 _aP94
526 _aP87
526 _aP86
526 _aP85
526 _aP77
526 _aP76
526 _aP35
650 0 4 _aResurrección de Jesús.
910 _ajck
_bjvq
_cjck
_d20150616
942 _2ddc
_cBOOK
949 _a232.5 M26
_wDEWEY
_c1
_i37038
_lCCODEBUL1
_mBUL
_r0
_sY
_tBOOK
_u2015-4-22
_xTEOLOGIA
_PP35
_0COMPRA
_o.STAFF. Colección Teología
949 _a232.5 M26
_wDEWEY
_c2
_i14069
_d2016-8-31
_e2016-8-28
_lCCODEBUL1
_mBUL
_n5
_r0
_sY
_tBOOK
_u2015-6-17
_xTEOLOGIA
_PP35
_0COMPRA
_o.STAFF. Colección Teología
994 _aC0
_bPEPRU
596 _a1
999 _a232.5 M26
_wDEWEY
_c3843
_i37038
_d3843
_f2021-11-10
_g5
_lCCODEBUL1
_mBUL
_q1
_r0
_sY
_tBOOK
_u2015-4-22
_xTEOLOGIA
_PP35
_0COMPRA
_o.STAFF. Colección General
999 _a232.5 M26
_wDEWEY
_c2
_i14069
_d2019-6-13
_e2019-6-10
_f2021-11-10
_g5
_lCCODEBUL1
_mBUL
_n7
_p18.00
_r0
_sY
_tBOOK
_u2015-6-17
_xTEOLOGIA
_PP35
_0COMPRA
_o.STAFF. Colección Teología
980 _81
_gALBERTO SANCHEZ Responsable de Automatización